|
|
|
|
| LEADER |
00000nas a2200000 a 4500 |
| 001 |
ssj0000595360 |
| 003 |
WaSeSS |
| 005 |
20200512172242.0 |
| 006 |
m d |
| 007 |
cr n |
| 008 |
100420c20019999nyuar pss 0 a0eng |
| 010 |
|
|
|a 2011201666
|
| 016 |
7 |
|
|a 2645775 1
|2 DE-600
|
| 022 |
|
|
|a 2160-5068
|l 2160-5025
|y 2160-5025
|
| 035 |
|
|
|a (WaSeSS)ssj0000595360
|
| 037 |
|
|
|b Walter de Gruyter, Inc. North American Subscription Office, P.O. Box 830350, Birmingham, AL 35202-0350
|
| 040 |
|
|
|a OCLCE
|b eng
|c OCLCE
|d OCLCQ
|d DLC
|d OCLCQ
|d OCLCF
|d OCLCO
|d HUL
|d OCLCQ
|d COO
|d DLC
|d OCLCQ
|d AU@
|d WaSeSS
|
| 041 |
1 |
|
|a eng
|h chi
|
| 042 |
|
|
|a pcc
|a nsdp
|
| 043 |
|
|
|a a-cc---
|
| 050 |
0 |
0 |
|a DS715
|
| 082 |
1 |
0 |
|a 931
|2 14
|
| 222 |
|
0 |
|a Chines archaeology
|b (New York, N.Y. : Online)
|
| 245 |
0 |
0 |
|a Chinese archaeology
|h [electronic resource].
|
| 246 |
1 |
3 |
|a Journal of the Institute of Archaeology, Chinese Academy of Social Sciences
|
| 260 |
|
|
|a Beijing :
|b Archaeology Publications :
|b China Social Sciences Press
|
| 310 |
|
|
|a Annual
|
| 362 |
1 |
|
|a Print began with vol. 1 (2001).
|
| 506 |
|
|
|a License restrictions may limit access.
|
| 580 |
|
|
|a English translation of articles orginally published in Chinese.
|
| 588 |
|
|
|a Description based on print out of: vol. 9 (Jan. 2009); title from title page.
|
| 588 |
|
|
|a Latest issue consulted: Vol. 15, issue 1 (Nov. 2015) (De Gruyter Online; viewed March 02, 2016).
|
| 650 |
|
0 |
|a Excavations (Archaeology)
|z China
|v Periodicals.
|
| 650 |
|
0 |
|a Antiquities, Prehistoric
|z China
|v Periodicals.
|
| 650 |
|
7 |
|a Antiquities.
|2 fast
|0 (OCoLC)fst00810745
|
| 650 |
|
7 |
|a Antiquities, Prehistoric.
|2 fast
|0 (OCoLC)fst00810762
|
| 650 |
|
7 |
|a Excavations (Archaeology)
|2 fast
|0 (OCoLC)fst00917564
|
| 651 |
|
0 |
|a China
|x Antiquities
|v Periodicals.
|
| 651 |
|
7 |
|a China.
|2 fast
|0 (OCoLC)fst01206073
|
| 655 |
|
0 |
|a Electronic journals.
|
| 710 |
2 |
|
|a Zhongguo she hui ke xue yuan.
|b Kao gu yan jiu suo.
|
| 776 |
0 |
8 |
|i Print version:
|t Chinese archaeology
|x 2160-5025
|w (DLC) 2003236065
|w (OCoLC)52148585
|
| 850 |
|
|
|a DLC
|
| 856 |
4 |
0 |
|z Full text available from Research Library: 01/01/2013 to 01/31/2017
|u https://search.proquest.com/publication/2031359
|